000 00530nam a2200181Ia 4500
001 45923
008 140428s9999 xx 000 0 und d
020 _a9780199213092
040 _cPK-LaUMT
082 _a 519.50727
_bKRZ-S
100 _aKrzanowski, Wojtek J.
245 _aStatistical principles and techniques in scientific and social investigations
_cKrzanowski, Wojtek J.
260 _aOxford,USA:
_bOxford University Press,
_c2007
300 _a241 p.
546 _aEN
650 _aStatistics-Methodology
942 _cBK
999 _c43880
_d43880